000 01095nam a2200289 i 4500
001 196960
003 ES-MaACL
005 20250811063214.0
008 250227b2003 sp ||||| |||| 00| 0 spa d
017 _aNA 1770-2003
_bOficina Depósito Legal Navarra
040 _bspa
_cES-MaACL
245 _a¡Quién me mandaría meterme en obras! /
_cGomaespuma.
260 _aNavarra :
_bTemas de hoy,
_c2003.
300 _a166 páginas ;
_c20 cm
336 _2rdacontent
_atexto
337 _2rdamedia
_asin mediación
338 _2rdacarrier
_avolumen
655 7 _2tgfbne
_9176428
_aNovelas de humor
700 1 _aPérez de Petinto, José Fesser
_eaut
_9241696
700 1 _aCano Ambrós, Juan Luis
_eaut
_9241697
852 _aES-MaACL
_cDEPOJ
_jN-10387
_hDonación: José Lázaro García
_xEncuadernación rústica
_9206509
903 _9234219
_aLázaro García, José
_ednr
942 _cMONOGRAFIA
_n0
999 _c196960
_d196960